000 00691nam a22002177a 4500
003 LK-CoDNM
005 20241112121646.0
008 241015b |||||||| |||| 00| 0 eng d
040 _aLK-CoDNM
_dLK-CoDNM
_eLK-CoDNM
041 _asin
_hEnglish
080 _aප්‍ර.ස
_b163
245 _aසුරතුර-1907
_b1 කාණ්ඩය 3 කලාපය
260 _c1907
_aකොළඹ
_bලංකාලෝක මුද්‍රණාලය
300 _b18p. ; 25 cm
650 _aසුරතුර-1907
650 _a1 කාණ්ඩය 3 කලාපය
650 _aමාසික සගරාව
650 _aප්‍ර.ස 163
650 _a1907
942 _cBK
999 _c229265
_d229265